Evangelism in the local church. (Record no. 10993)

000 -LEADER
fixed length control field 00539nam a2200181 a 4500
001 - CONTROL NUMBER
control field :::00008786$&:&@@
003 - CONTROL NUMBER IDENTIFIER
control field OkBaRHE
005 - DATE AND TIME OF LATEST TRANSACTION
control field 20000607103346.0
008 - FIXED-LENGTH DATA ELEMENTS--GENERAL INFORMATION
fixed length control field s1955 j 000 0 eng u
040 ## - CATALOGING SOURCE
Transcribing agency
100 1# - MAIN ENTRY--PERSONAL NAME
Personal name Short, Roy H.
245 10 - TITLE STATEMENT
Title Evangelism in the local church.
260 ## - PUBLICATION, DISTRIBUTION, ETC. (IMPRINT)
Place of publication, distribution, etc New York City, NY., :
Name of publisher, distributor, etc Abingdon Press
Date of publication, distribution, etc 1955
300 ## - PHYSICAL DESCRIPTION
Extent 126 p.
650 ## - SUBJECT ADDED ENTRY--TOPICAL TERM
Topical term or geographic name as entry element Evangelism
General subdivision Pastoral Theology
942 ## - ADDED ENTRY ELEMENTS (KOHA)
Source of classification or shelving scheme
Koha item type Books
Copies
Koha item type Copy number Price effective from Barcode Date acquired Not for loan Damaged status Permanent Location Date last seen Full call number Lost status Withdrawn status Source of classification or shelving scheme Shelving location
Books12010-04-1487862010-04-14  RHEMA Bible Training College2010-04-14BV 3795 .S45   General Stacks